[Event "8. Open Vila de Salou"]
[Site "Salou ESP"]
[Date "2006.06.07"]
[Round "1.2"]
[White "Spraggett, Kevin"]
[Black "Aalbersberg Kroon, Pere"]
[Result "1-0"]
[WhiteElo "2578"]
[BlackElo "2096"]
[PlyCount "65"]
[EventDate "2006.06.07"]
[EventType "swiss"]
[EventRounds "9"]
[EventCountry "ESP"]
[Source "lmi"]
[SourceDate "2006.06.16"]

1. e4 e5 2. Nf3 Nc6 3. Bb5 a6 4. Ba4 Nf6 5. O-O Be7 6. Re1 b5 7. Bb3 d6 8. c3
O-O 9. h3 Be6 10. d4 Bxb3 11. axb3 exd4 12. cxd4 d5 13. e5 Ne4 14. Nc3 f5 15.
exf6 Bxf6 16. Nxe4 dxe4 17. Rxe4 Qd5 18. Rg4 h5 19. Rf4 Nb4 20. Be3 g5 21. Rxf6
Rxf6 22. Nxg5 Kg7 23. Rc1 Qd7 24. d5 Kg6 25. Ne6 Qxd5 26. Nf4+ Rxf4 27. Bxf4 c6
28. Be3 Rd8 29. Qe2 Qe4 30. Kf1 Rd5 31. Bd2 Qd4 32. Qe8+ Kf5 33. Qf7+ 1-0

[Event "8. Open Vila de Salou"]
[Site "Salou ESP"]
[Date "2006.06.07"]
[Round "1.3"]
[White "Ramos Lor, Jose"]
[Black "Hamdouchi, Hichem"]
[Result "0-1"]
[WhiteElo "2064"]
[BlackElo "2559"]
[PlyCount "40"]
[EventDate "2006.06.07"]
[EventType "swiss"]
[EventRounds "9"]
[EventCountry "ESP"]
[Source "lmi"]
[SourceDate "2006.06.16"]

1. e4 c5 2. Nf3 Nc6 3. d4 cxd4 4. Nxd4 Qb6 5. Nb3 Nf6 6. Bd3 e6 7. O-O a6 8.
Be3 Qc7 9. Qe2 Be7 10. c4 d5 11. N1d2 dxe4 12. Nxe4 Nxe4 13. Bxe4 O-O 14. Rac1
e5 15. Rfd1 a5 16. Bb1 a4 17. Nd2 f5 18. f3 b6 19. c5 bxc5 20. Bxc5 Bxc5+ 0-1

[Event "8. Open Vila de Salou"]
[Site "Salou ESP"]
[Date "2006.06.07"]
[Round "1.4"]
[White "Moskalenko, Viktor"]
[Black "Yastrebova, Tatiana"]
[Result "1-0"]
[WhiteElo "2540"]
[BlackElo "2056"]
[PlyCount "43"]
[EventDate "2006.06.07"]
[EventType "swiss"]
[EventRounds "9"]
[EventCountry "ESP"]
[Source "lmi"]
[SourceDate "2006.06.16"]

1. e4 d6 2. d4 Nf6 3. Nc3 g6 4. Bg5 Bg7 5. f4 h6 6. Bxf6 exf6 7. f5 gxf5 8.
exf5 Bxf5 9. Bd3 Bxd3 10. Qxd3 Nc6 11. Nge2 Qd7 12. O-O O-O-O 13. Nd5 Rde8 14.
c3 Qe6 15. Nef4 Qe4 16. Qxe4 Rxe4 17. Nh5 Bf8 18. Nhxf6 Re2 19. Rae1 Rxe1 20.
Rxe1 Bg7 21. Nh5 Rg8 22. Re7 1-0

[Event "8. Open Vila de Salou"]
[Site "Salou ESP"]
[Date "2006.06.07"]
[Round "1.5"]
[White "Miceli, Gaetan"]
[Black "Mirzoev, Azer"]
[Result "0-1"]
[WhiteElo "2047"]
[BlackElo "2532"]
[PlyCount "85"]
[EventDate "2006.06.07"]
[EventType "swiss"]
[EventRounds "9"]
[EventCountry "ESP"]
[Source "lmi"]
[SourceDate "2006.06.16"]

1. e4 c5 2. Nf3 e6 3. d4 cxd4 4. Nxd4 a6 5. g3 Nf6 6. Bg2 d6 7. Nc3 Be7 8. O-O
O-O 9. Kh1 Qc7 10. f4 Nc6 11. a4 Bd7 12. Nb3 Na5 13. Nxa5 Qxa5 14. e5 dxe5 15.
fxe5 Qxe5 16. Bf4 Qa5 17. Bxb7 Ra7 18. Bf3 Rc8 19. Qe1 Qb4 20. Be5 Bc6 21. Bxc6
Rxc6 22. Bxf6 Bxf6 23. Nd5 Qxe1 24. Nxf6+ gxf6 25. Raxe1 Rxc2 26. Rxf6 Rxb2 27.
Ref1 Rc7 28. R1f2 Rxf2 29. Rxf2 Rc4 30. Rf4 Rxf4 31. gxf4 Kg7 32. Kg2 Kf6 33.
a5 Kf5 34. Kf3 f6 35. h3 h5 36. Ke3 h4 37. Kf3 e5 38. fxe5 fxe5 39. Ke3 e4 40.
Ke2 Kf4 41. Kf2 e3+ 42. Kg2 Ke4 43. Kg1 0-1

[Event "8. Open Vila de Salou"]
[Site "Salou ESP"]
[Date "2006.06.07"]
[Round "1.6"]
[White "Narciso Dublan, Marc"]
[Black "Ruprich, Udo"]
[Result "1-0"]
[WhiteElo "2510"]
[BlackElo "2021"]
[PlyCount "97"]
[EventDate "2006.06.07"]
[EventType "swiss"]
[EventRounds "9"]
[EventCountry "ESP"]
[Source "lmi"]
[SourceDate "2006.06.16"]

1. Nf3 d5 2. d4 Nf6 3. c4 c6 4. e3 e6 5. Nbd2 Nbd7 6. Bd3 Bd6 7. e4 dxe4 8.
Nxe4 Nxe4 9. Bxe4 Nf6 10. Bc2 b6 11. O-O Bb7 12. Bg5 h6 13. Qe2 Qc7 14. Bh4
O-O-O 15. Rad1 Kb8 16. c5 bxc5 17. dxc5 Bxc5 18. Bg3 Bd6 19. Rxd6 Rxd6 20. Rd1
Rhd8 21. Rxd6 Rxd6 22. Ne5 Ne8 23. Nc4 Kc8 24. Nxd6+ Nxd6 25. Qe5 Ne8 26. Qc5
Qd7 27. Qxa7 Nc7 28. Qc5 Ba6 29. h3 f6 30. Be4 Bb5 31. Kh2 e5 32. Qc2 Kb7 33.
a4 Ba6 34. Qb3+ Ka7 35. f3 Bb7 36. Bf2+ Kb8 37. Qg8+ Bc8 38. Qc4 Bb7 39. Qb4
Nd5 40. Qf8+ Bc8 41. a5 f5 42. Bc2 Qe7 43. Qg8 Qg5 44. Qf7 Qe7 45. Qg8 Qg5 46.
Qe8 Qf6 47. a6 Qe6 48. Qf8 Qe7 49. a7+ 1-0

[Event "8. Open Vila de Salou"]
[Site "Salou ESP"]
[Date "2006.06.07"]
[Round "1.10"]
[White "Caruana, Fabiano"]
[Black "Reves Balleste, Jose"]
[Result "1-0"]
[WhiteElo "2421"]
[BlackElo "1975"]
[PlyCount "57"]
[EventDate "2006.06.07"]
[EventType "swiss"]
[EventRounds "9"]
[EventCountry "ESP"]
[Source "lmi"]
[SourceDate "2006.06.16"]

1. e4 c6 2. d4 d5 3. e5 Bf5 4. c4 Bxb1 5. Rxb1 dxc4 6. Bxc4 e6 7. Ne2 Bb4+ 8.
Nc3 Nd7 9. Qb3 Ba5 10. O-O Nb6 11. Ne4 Nxc4 12. Qxc4 Bc7 13. Nc5 Qc8 14. Bg5 h6
15. Bh4 g5 16. Bg3 Ne7 17. f4 g4 18. f5 Nxf5 19. Rbe1 O-O 20. Rf4 h5 21. Qc1
Qd8 22. Ne4 f6 23. Rxf5 exf5 24. Nxf6+ Rxf6 25. Qg5+ Kf7 26. exf6 Qxd4+ 27. Kh1
Qxf6 28. Qxh5+ Kg7 29. Bh4 1-0

[Event "8. Open Vila de Salou"]
[Site "Salou ESP"]
[Date "2006.06.07"]
[Round "1.11"]
[White "Schuelke, Tilman"]
[Black "Benitah, Yohan"]
[Result "0-1"]
[WhiteElo "1959"]
[BlackElo "2417"]
[PlyCount "60"]
[EventDate "2006.06.07"]
[EventType "swiss"]
[EventRounds "9"]
[EventCountry "ESP"]
[Source "lmi"]
[SourceDate "2006.06.16"]

1. g3 d5 2. Bg2 c6 3. d3 Nf6 4. Nd2 e5 5. e4 Bg4 6. Ngf3 Nbd7 7. b3 Bb4 8. h3
Bh5 9. g4 dxe4 10. gxh5 exf3 11. Bxf3 Bc3 12. Rb1 Qa5 13. a4 e4 14. Be2 O-O-O
15. Kf1 exd3 16. cxd3 Qd5 17. Rg1 Qf5 18. Rg3 Be5 19. Rf3 Qxh5 20. Nc4 Bc7 21.
b4 Qd5 22. Be3 Ne5 23. Nxe5 Qxe5 24. Bf4 Qe7 25. Bg3 Nd5 26. Qb3 Rhe8 27. Bd1
Bxg3 28. fxg3 Qe1+ 29. Kg2 Ne3+ 30. Rxe3 Qxe3 0-1

[Event "8. Open Vila de Salou"]
[Site "Salou ESP"]
[Date "2006.06.07"]
[Round "1.12"]
[White "Lacasa Diaz, Josep A"]
[Black "Escofet Llongueras, Joan"]
[Result "1-0"]
[WhiteElo "2411"]
[BlackElo "1952"]
[PlyCount "71"]
[EventDate "2006.06.07"]
[EventType "swiss"]
[EventRounds "9"]
[EventCountry "ESP"]
[Source "lmi"]
[SourceDate "2006.06.16"]

1. e4 e6 2. d4 d5 3. Nc3 Nf6 4. Bg5 Be7 5. e5 Nfd7 6. Bxe7 Qxe7 7. f4 a6 8. Nf3
c5 9. Qd2 Nc6 10. dxc5 Nxc5 11. Bd3 Qc7 12. O-O Nxd3 13. cxd3 Bd7 14. Rac1 O-O
15. Qe3 b5 16. Ne2 Qa7 17. Qxa7 Rxa7 18. Rc3 Rc8 19. Rfc1 Kf8 20. Ned4 Rac7 21.
Nxc6 Rxc6 22. Rxc6 Rxc6 23. Rxc6 Bxc6 24. Kf2 f6 25. Ke3 Ke7 26. Kd4 Kd7 27.
Kc5 Kc7 28. Nd4 Bd7 29. b4 h5 30. g3 Bc8 31. Ne2 Bd7 32. Nd4 Bc8 33. Nc2 Bd7
34. Ne3 Be8 35. exf6 gxf6 36. f5 1-0

[Event "8. Open Vila de Salou"]
[Site "Salou ESP"]
[Date "2006.06.07"]
[Round "1.13"]
[White "Reutter, Frank"]
[Black "Jakobsen, Ole"]
[Result "0-1"]
[WhiteElo "1951"]
[BlackElo "2388"]
[PlyCount "112"]
[EventDate "2006.06.07"]
[EventType "swiss"]
[EventRounds "9"]
[EventCountry "ESP"]
[Source "lmi"]
[SourceDate "2006.06.16"]

1. Nf3 g6 2. g3 Bg7 3. Bg2 c5 4. O-O Nc6 5. e4 d6 6. d3 Nf6 7. c3 O-O 8. Nbd2
e5 9. Nc4 b5 10. Ne3 Rb8 11. a3 a5 12. Bd2 a4 13. b4 axb3 14. Qxb3 Be6 15. Nd5
Nxd5 16. exd5 Na5 17. Qa2 Bf5 18. Ne1 c4 19. Be4 Bd7 20. dxc4 bxc4 21. Nc2 Nb3
22. Rad1 Bg4 23. Nb4 Bxd1 24. Nc6 Qc7 25. Nxb8 Rxb8 26. Rxd1 Qa5 27. Bg2 Nxd2
28. Rxd2 Qxc3 29. Bf1 Rb3 30. Rc2 Rxa3 31. Qb1 Rb3 32. Qc1 Qa5 33. Rxc4 Rb8 34.
Rc7 e4 35. Qc6 Be5 36. Bc4 Qe1+ 37. Kg2 Rf8 38. Qb6 Qd2 39. Qe3 Qxe3 40. fxe3
Rb8 41. Be2 Rb2 42. Kf2 Rd2 43. Rc4 f5 44. Rc7 h5 45. Ke1 Rb2 46. Kf2 Kf8 47.
h4 Rd2 48. Rc8+ Ke7 49. Rg8 Kf6 50. Ra8 Bxg3+ 51. Kxg3 Rxe2 52. Rd8 Rxe3+ 53.
Kg2 Ke5 54. Rg8 Re2+ 55. Kf1 Rh2 56. Rxg6 Rxh4 0-1

[Event "8. Open Vila de Salou"]
[Site "Salou ESP"]
[Date "2006.06.07"]
[Round "1.15"]
[White "Solsona Manonelles, Josep"]
[Black "Kononenko, Tatiana"]
[Result "0-1"]
[WhiteElo "1832"]
[BlackElo "2383"]
[PlyCount "50"]
[EventDate "2006.06.07"]
[EventType "swiss"]
[EventRounds "9"]
[EventCountry "ESP"]
[Source "lmi"]
[SourceDate "2006.06.16"]

1. d4 d5 2. c4 c6 3. cxd5 cxd5 4. Nc3 Nf6 5. Bf4 Nc6 6. Nf3 a6 7. e3 Bg4 8. Be2
e6 9. h3 Bh5 10. Rc1 Be7 11. O-O O-O 12. Re1 Rc8 13. a3 Nd7 14. b4 b5 15. Nd2
Bxe2 16. Qxe2 Nb6 17. Nb3 Nc4 18. Nb1 a5 19. bxa5 N6xa5 20. Nc5 Bxc5 21. dxc5
Nb3 22. Rc3 Nxc5 23. Rec1 Qe7 24. Nd2 Nxd2 25. Qxd2 Ne4 0-1

[Event "8. Open Vila de Salou"]
[Site "Salou ESP"]
[Date "2006.06.07"]
[Round "1.17"]
[White "Febrero Perez, Lluis"]
[Black "Kekki, Petri"]
[Result "0-1"]
[WhiteElo "1786"]
[BlackElo "2365"]
[PlyCount "42"]
[EventDate "2006.06.07"]
[EventType "swiss"]
[EventRounds "9"]
[EventCountry "ESP"]
[Source "lmi"]
[SourceDate "2006.06.16"]

1. e4 e6 2. d4 d5 3. e5 c5 4. c3 Nc6 5. Nf3 Nge7 6. b3 cxd4 7. cxd4 Nf5 8. Nc3
Bd7 9. Bb5 Bb4 10. Bb2 Qa5 11. Qd3 Nxe5 12. Bxd7+ Nxd7 13. Ne5 Nxe5 14. dxe5 d4
15. Rd1 Bxc3+ 16. Bxc3 Qxc3+ 17. Qxc3 dxc3 18. O-O Ke7 19. Rd3 Rac8 20. Rc1 c2
21. Rd2 Rhd8 0-1

[Event "8. Open Vila de Salou"]
[Site "Salou ESP"]
[Date "2006.06.07"]
[Round "1.34"]
[White "Moro Adame, Antonio"]
[Black "Barrau Carinena, Antoni"]
[Result "1-0"]
[WhiteElo "2107"]
[BlackElo "2671"]
[PlyCount "45"]
[EventDate "2006.06.07"]
[EventType "swiss"]
[EventRounds "9"]
[EventCountry "ESP"]
[Source "lmi"]
[SourceDate "2006.06.16"]

1. e4 c5 2. Nf3 Nf6 3. e5 Nd5 4. c4 Nc7 5. d4 cxd4 6. Nxd4 g6 7. Nc3 Bg7 8. Bf4
d6 9. exd6 exd6 10. Qd2 O-O 11. Be2 Nc6 12. Nxc6 bxc6 13. Qxd6 Ne6 14. O-O Bb7
15. Be5 Qxd6 16. Bxd6 Rfe8 17. c5 Nd4 18. Bd3 Be5 19. Ne4 Kg7 20. f4 Bxd6 21.
Nxd6 Re7 22. Rae1 Ne6 23. f5 1-0

[Event "8. Open Vila de Salou"]
[Site "Salou ESP"]
[Date "2006.06.07"]
[Round "1.36"]
[White "Vinals Rioja, Jaume"]
[Black "Herrero Prieto, Jonathan"]
[Result "1-0"]
[WhiteElo "2107"]
[BlackElo "2671"]
[PlyCount "37"]
[EventDate "2006.06.07"]
[EventType "swiss"]
[EventRounds "9"]
[EventCountry "ESP"]
[Source "lmi"]
[SourceDate "2006.06.16"]

1. e4 e5 2. Nf3 Nc6 3. d4 Nf6 4. dxe5 Nxe4 5. Bc4 d6 6. Qd5 Nxe5 7. Qxe4 c6 8.
Nxe5 d5 9. Qf3 f6 10. Qh5+ g6 11. Nxg6 hxg6 12. Qxh8 Qe7+ 13. Be3 d4 14. O-O
dxe3 15. Re1 Qg7 16. Rxe3+ Kd8 17. Qxg7 Bxg7 18. Nc3 Bf5 19. Rd1+ 1-0

[Event "8. Open Vila de Salou"]
[Site "Salou ESP"]
[Date "2006.06.08"]
[Round "2.1"]
[White "Korneev, Oleg"]
[Black "Capo Vidal, Uriel"]
[Result "1-0"]
[WhiteElo "2671"]
[BlackElo "2357"]
[PlyCount "67"]
[EventDate "2006.06.07"]
[EventType "swiss"]
[EventRounds "9"]
[EventCountry "ESP"]
[Source "lmi"]
[SourceDate "2006.06.16"]

1. e4 c5 2. Nf3 Nc6 3. d4 cxd4 4. Nxd4 Nf6 5. Nc3 e5 6. Ndb5 d6 7. Bg5 a6 8.
Na3 b5 9. Nd5 Be7 10. Bxf6 Bxf6 11. c3 Rb8 12. Nc2 Bg5 13. Be2 O-O 14. O-O Ne7
15. Ncb4 Bb7 16. Qd3 Nxd5 17. Nxd5 g6 18. Rad1 f5 19. Bf3 Kh8 20. a3 f4 21. Rd2
Rg8 22. Rc1 Bh6 23. c4 g5 24. Bg4 Bc8 25. h3 Bf8 26. cxb5 Bxg4 27. hxg4 axb5
28. Rc7 Rg7 29. Rdc2 h5 30. Qh3 h4 31. Qc3 Kh7 32. Rc8 Rxc8 33. Qxc8 Qa5 34.
Qf5+ 1-0

[Event "8. Open Vila de Salou"]
[Site "Salou ESP"]
[Date "2006.06.08"]
[Round "2.3"]
[White "Hamdouchi, Hichem"]
[Black "Vehi Bach, Victor M"]
[Result "1-0"]
[WhiteElo "2559"]
[BlackElo "2335"]
[PlyCount "59"]
[EventDate "2006.06.07"]
[EventType "swiss"]
[EventRounds "9"]
[EventCountry "ESP"]
[Source "lmi"]
[SourceDate "2006.06.16"]

1. e4 c5 2. Nf3 e6 3. d4 cxd4 4. Nxd4 Nf6 5. Nc3 d6 6. g4 h6 7. Be3 a6 8. Bg2
Nc6 9. h3 Ne5 10. Qe2 g5 11. f4 gxf4 12. Bxf4 Qc7 13. Rf1 Be7 14. O-O-O Bd7 15.
g5 hxg5 16. Bxg5 Ng8 17. Nf3 Bxg5+ 18. Nxg5 Qc5 19. Kb1 b5 20. Nf3 b4 21. Nxe5
Qxe5 22. Qf2 Rh7 23. Ne2 Bb5 24. Rfe1 Nf6 25. Nd4 Kf8 26. Qd2 Rd8 27. Qxb4 Rg7
28. Bf1 Bxf1 29. Rxf1 Re8 30. Nc6 1-0

[Event "8. Open Vila de Salou"]
[Site "Salou ESP"]
[Date "2006.06.08"]
[Round "2.4"]
[White "Fenollar Jorda, Manuel"]
[Black "Moskalenko, Viktor"]
[Result "0-1"]
[WhiteElo "2331"]
[BlackElo "2540"]
[PlyCount "70"]
[EventDate "2006.06.07"]
[EventType "swiss"]
[EventRounds "9"]
[EventCountry "ESP"]
[Source "lmi"]
[SourceDate "2006.06.16"]

1. e4 e6 2. d4 d5 3. exd5 exd5 4. Bf4 Nf6 5. Nf3 Be7 6. Bd3 O-O 7. O-O c5 8.
dxc5 Bxc5 9. Nbd2 Nc6 10. Nb3 Bb6 11. h3 Ne4 12. Bxe4 dxe4 13. Qxd8 Rxd8 14.
Nfd2 Nb4 15. Nxe4 Nxc2 16. Rad1 Be6 17. Nec5 Bxb3 18. Nxb3 Nb4 19. Bd6 Nxa2 20.
Nc5 Rxd6 21. Rxd6 Bxc5 22. Rd7 Nb4 23. Rxb7 Bb6 24. Rd1 Nc6 25. g3 g6 26. Kg2
Re8 27. Rd2 h5 28. h4 Kf8 29. f4 Na5 30. Rbd7 Nc4 31. R2d3 Nxb2 32. Rc3 Na4 33.
Rc2 Nc5 34. Rd5 Ne6 35. Rc4 Ng7 0-1

[Event "8. Open Vila de Salou"]
[Site "Salou ESP"]
[Date "2006.06.08"]
[Round "2.5"]
[White "Mirzoev, Azer"]
[Black "Vila Gazquez, Xavier"]
[Result "1-0"]
[WhiteElo "2532"]
[BlackElo "2325"]
[PlyCount "119"]
[EventDate "2006.06.07"]
[EventType "swiss"]
[EventRounds "9"]
[EventCountry "ESP"]
[Source "lmi"]
[SourceDate "2006.06.16"]

1. d4 Nf6 2. c4 e6 3. Nc3 Bb4 4. Qc2 Nc6 5. Nf3 d5 6. e3 O-O 7. a3 Bd6 8. c5
Be7 9. b4 a6 10. Bb2 Re8 11. Bd3 Bf8 12. O-O g6 13. Ne2 Bg7 14. h3 Nh5 15. Ne5
f5 16. Bc3 Rf8 17. Nf3 Qe7 18. Nf4 Nf6 19. a4 Ne4 20. b5 axb5 21. axb5 Rxa1 22.
Rxa1 Nd8 23. Ra8 Bd7 24. Ba5 c6 25. Rb8 cxb5 26. Bxd8 Rxd8 27. Rxb7 Qe8 28. Bf1
Ra8 29. Nd3 Qc8 30. Rb6 Bf6 31. Nde5 Bd8 32. Nxd7 Qxd7 33. Rxb5 Bc7 34. g3 g5
35. Rb7 f4 36. exf4 gxf4 37. g4 Ra3 38. Bd3 Qc6 39. Rb3 Ra1+ 40. Rb1 Ra3 41.
Kg2 Qa8 42. Rb2 h6 43. Qe2 Ra4 44. Rc2 Kf7 45. c6 Nf6 46. g5 Qg8 47. h4 Ke7 48.
Ra2 hxg5 49. hxg5 Rxa2 50. Qxa2 Ne4 51. Qa7 Qd8 52. Bxe4 dxe4 53. Nd2 f3+ 54.
Kh3 Qh8+ 55. Kg4 Qh2 56. Nxe4 Qf4+ 57. Kh5 Qf7+ 58. g6 Qf5+ 59. Kh6 Qf4+ 60.
Kh7 1-0

[Event "8. Open Vila de Salou"]
[Site "Salou ESP"]
[Date "2006.06.08"]
[Round "2.6"]
[White "Garcia Castro, Pablo"]
[Black "Narciso Dublan, Marc"]
[Result "0-1"]
[WhiteElo "2309"]
[BlackElo "2510"]
[PlyCount "64"]
[EventDate "2006.06.07"]
[EventType "swiss"]
[EventRounds "9"]
[EventCountry "ESP"]
[Source "lmi"]
[SourceDate "2006.06.16"]

1. e4 e5 2. Nf3 Nc6 3. d4 exd4 4. Bc4 Bc5 5. c3 Nf6 6. e5 d5 7. Bb5 Ne4 8. cxd4
Bb6 9. Be3 O-O 10. Nc3 Ne7 11. Bd3 f5 12. exf6 Nxf6 13. Qc2 Nc6 14. a3 Bg4 15.
O-O-O Bxf3 16. gxf3 Nxd4 17. Bxd4 Bxd4 18. Bxh7+ Nxh7 19. Rxd4 c6 20. f4 Qh4
21. Rg1 Rae8 22. Qg6 Re7 23. Qg3 Qf6 24. Rgd1 Qh6 25. R1d2 Ref7 26. Ne2 Nf6 27.
f3 Nh5 28. Qg1 a6 29. Rb4 Nxf4 30. Nxf4 Rxf4 31. Rxb7 Rxf3 32. Kc2 Qh7+ 0-1

[Event "8. Open Vila de Salou"]
[Site "Salou ESP"]
[Date "2006.06.08"]
[Round "2.7"]
[White "Lopez Martinez, Josep M"]
[Black "Vernay, Clovis"]
[Result "1-0"]
[WhiteElo "2481"]
[BlackElo "2293"]
[PlyCount "63"]
[EventDate "2006.06.07"]
[EventType "swiss"]
[EventRounds "9"]
[EventCountry "ESP"]
[Source "lmi"]
[SourceDate "2006.06.16"]

1. e4 c5 2. Nf3 d6 3. d4 cxd4 4. Nxd4 Nf6 5. Nc3 e5 6. Bb5+ Nbd7 7. Nf5 a6 8.
Ba4 b5 9. Bb3 Nc5 10. Bg5 Bxf5 11. exf5 Be7 12. Bxf6 Bxf6 13. Qd5 O-O 14. Ne4
a5 15. a3 Rc8 16. O-O a4 17. Ba2 Nxe4 18. Qxe4 Kh8 19. Rad1 Rc5 20. c3 g6 21.
Rd3 Qe7 22. Rfd1 Rd8 23. Bd5 Kg7 24. Rf3 Rdc8 25. h4 h5 26. fxg6 fxg6 27. Rg3
Qe8 28. Ba2 d5 29. Bxd5 Rd8 30. Rgd3 Rcc8 31. g3 Rd6 32. Bf7 1-0

[Event "8. Open Vila de Salou"]
[Site "Salou ESP"]
[Date "2006.06.08"]
[Round "2.8"]
[White "Peric, Slavisa"]
[Black "Alsina Leal, Daniel"]
[Result "1/2-1/2"]
[WhiteElo "2288"]
[BlackElo "2441"]
[PlyCount "35"]
[EventDate "2006.06.07"]
[EventType "swiss"]
[EventRounds "9"]
[EventCountry "ESP"]
[Source "lmi"]
[SourceDate "2006.06.16"]

1. d4 d5 2. Nf3 Nf6 3. Bg5 Ne4 4. Bf4 e6 5. Nbd2 Be7 6. e3 f5 7. Nxe4 fxe4 8.
Ne5 O-O 9. Be2 Nd7 10. O-O Nxe5 11. Bxe5 Bg5 12. c4 c6 13. Qb3 b6 14. f3 exf3
15. Rxf3 Rxf3 16. Bxf3 Ba6 17. cxd5 cxd5 18. Bg4 1/2-1/2

[Event "8. Open Vila de Salou"]
[Site "Salou ESP"]
[Date "2006.06.08"]
[Round "2.9"]
[White "Tscharotschkin, Michael"]
[Black "Caruana, Fabiano"]
[Result "0-1"]
[WhiteElo "2244"]
[BlackElo "2421"]
[PlyCount "74"]
[EventDate "2006.06.07"]
[EventType "swiss"]
[EventRounds "9"]
[EventCountry "ESP"]
[Source "lmi"]
[SourceDate "2006.06.16"]

1. e4 e6 2. d4 d5 3. e5 c5 4. c3 Nc6 5. Nf3 Bd7 6. Be2 Nge7 7. O-O Ng6 8. g3 f6
9. h4 fxe5 10. h5 e4 11. hxg6 exf3 12. Bxf3 Qf6 13. Be3 O-O-O 14. dxc5 hxg6 15.
Nd2 g5 16. Kg2 e5 17. Bg4 d4 18. Ne4 Qg6 19. Bxd7+ Rxd7 20. Qg4 dxe3 21. fxe3
Be7 22. Rad1 Rhd8 23. Rxd7 Rxd7 24. Rd1 Qe8 25. Qe6 Kd8 26. Rf1 Bf6 27. Qf5 Qf7
28. b4 Qxa2+ 29. Rf2 Qb1 30. Qh7 Rd1 31. Qg8+ Kc7 32. Nd6 Rg1+ 33. Kh3 g4+ 34.
Kxg4 Qg6+ 35. Kf3 Rxg3+ 36. Ke2 Qc2+ 37. Ke1 Qc1+ 0-1

[Event "8. Open Vila de Salou"]
[Site "Salou ESP"]
[Date "2006.06.08"]
[Round "2.12"]
[White "Jakobsen, Ole"]
[Black "Ibarra Chami, Luis"]
[Result "1/2-1/2"]
[WhiteElo "2388"]
[BlackElo "2197"]
[PlyCount "128"]
[EventDate "2006.06.07"]
[EventType "swiss"]
[EventRounds "9"]
[EventCountry "ESP"]
[Source "lmi"]
[SourceDate "2006.06.16"]

1. Nf3 d5 2. d4 e6 3. c4 Nf6 4. Nc3 c5 5. cxd5 cxd4 6. Qa4+ Bd7 7. Qxd4 exd5 8.
Nxd5 Qa5+ 9. Nc3 Nc6 10. Qd1 O-O-O 11. Bd2 Bf5 12. e4 Bc5 13. Be2 Qb6 14. exf5
Bxf2+ 15. Kf1 Be3 16. Bxe3 Rxd1+ 17. Nxd1 Qa5 18. Nf2 Re8 19. Bd2 Qxf5 20. g4
Nxg4 21. Nxg4 Qxg4 22. Rg1 Qh3+ 23. Kf2 g6 24. Rac1 Kb8 25. Bf4+ Ka8 26. Bb5
Qf5 27. Bxc6 bxc6 28. Be3 Re6 29. Rc3 Qd5 30. Ra3 Re7 31. Rc1 f5 32. Bc5 Rb7
33. b4 Rd7 34. Re1 Qg8 35. Re2 g5 36. Rae3 Kb7 37. Re7 Rxe7 38. Rxe7+ Kc8 39.
Rxa7 Qc4 40. Re7 Qxa2+ 41. Re2 Qc4 42. Nd4 Qc1 43. Re8+ Kd7 44. Re7+ Kc8 45.
Ne2 Qh1 46. Rxh7 g4 47. Bd6 Qf3+ 48. Ke1 Qd3 49. Bf4 Qb1+ 50. Kf2 Qxb4 51. Rc7+
Kd8 52. Rxc6 Qe4 53. Rc3 Qb4 54. Rd3+ Ke8 55. Re3+ Kf7 56. Be5 Qc5 57. Bf4 Kg6
58. Nc3 Qd4 59. Ne2 Qc5 60. Kg3 Qd5 61. Rc3 Qe4 62. Kf2 Qb7 63. Be5 Qb6+ 64.
Kg3 Qb1 1/2-1/2

[Event "8. Open Vila de Salou"]
[Site "Salou ESP"]
[Date "2006.06.08"]
[Round "2.14"]
[White "Kononenko, Tatiana"]
[Black "Hutchinson, Paul A"]
[Result "1-0"]
[WhiteElo "2383"]
[BlackElo "2178"]
[PlyCount "129"]
[EventDate "2006.06.07"]
[EventType "swiss"]
[EventRounds "9"]
[EventCountry "ESP"]
[Source "lmi"]
[SourceDate "2006.06.16"]

1. d4 d5 2. c4 c6 3. Nf3 Nf6 4. e3 a6 5. Qc2 Bg4 6. Ne5 Bh5 7. Qb3 Ra7 8. cxd5
cxd5 9. Qa4+ Nbd7 10. Nc3 e6 11. Bd2 Ra8 12. Qb3 b5 13. Nxd7 Nxd7 14. Bd3 Bg6
15. Ne2 Bxd3 16. Qxd3 Nf6 17. f3 Be7 18. Nc1 Qb6 19. Nb3 Rc8 20. O-O O-O 21. a3
Nd7 22. Bb4 Bd6 23. Rfc1 Rc4 24. Bxd6 Qxd6 25. Na5 Rc7 26. Rc3 Rfc8 27. Rac1
Qb6 28. Rxc7 Rxc7 29. Rxc7 Qxc7 30. Qd2 h6 31. g3 Nb6 32. b3 Nd7 33. Kf2 e5 34.
Kg2 exd4 35. exd4 Nf8 36. b4 Ne6 37. Kf2 Qb6 38. Nb3 Kf8 39. Nc5 Qd6 40. Qc3
Nd8 41. Nd3 Qc6 42. Qc5+ Ke8 43. Nf4 Qxc5 44. dxc5 d4 45. Ke2 Nc6 46. Nd5 Kd7
47. Kd3 a5 48. f4 g5 49. Ke4 gxf4 50. gxf4 Kc8 51. bxa5 Kb7 52. Nb4 Nxa5 53.
Kxd4 Nc4 54. a4 Na3 55. axb5 Nxb5+ 56. Ke5 Kc7 57. Kf6 Nd4 58. Kxf7 Kd7 59. Kg6
Ne6 60. c6+ Ke7 61. Nd5+ Kd6 62. c7 Nxf4+ 63. Nxf4 Kxc7 64. Kxh6 Kd6 65. Kg6
1-0

[Event "8. Open Vila de Salou"]
[Site "Salou ESP"]
[Date "2006.06.08"]
[Round "2.15"]
[White "Valls Marti, Artur"]
[Black "Tania, Sachdev"]
[Result "0-1"]
[WhiteElo "2138"]
[BlackElo "2375"]
[PlyCount "48"]
[EventDate "2006.06.07"]
[EventType "swiss"]
[EventRounds "9"]
[EventCountry "ESP"]
[Source "lmi"]
[SourceDate "2006.06.16"]

1. f4 d5 2. Nf3 Nf6 3. e3 e6 4. b3 Bd6 5. Bb2 c5 6. Ne5 O-O 7. Be2 Nfd7 8. O-O
Qc7 9. Nc3 Bxe5 10. Nb5 Qb6 11. fxe5 Nc6 12. d4 a6 13. Nd6 cxd4 14. Bxd4 Qc7
15. Bd3 Ndxe5 16. Nxf7 Rxf7 17. Bxh7+ Kxh7 18. Qh5+ Kg8 19. Bxe5 Nxe5 20. Rf4
Rxf4 21. exf4 Nf7 22. f5 exf5 23. Re1 Bd7 24. Kh1 Re8 0-1

[Event "8. Open Vila de Salou"]
[Site "Salou ESP"]
[Date "2006.06.08"]
[Round "2.16"]
[White "Kekki, Petri"]
[Black "Vinals Rioja, Jaume"]
[Result "1-0"]
[WhiteElo "2365"]
[BlackElo "2122"]
[PlyCount "83"]
[EventDate "2006.06.07"]
[EventType "swiss"]
[EventRounds "9"]
[EventCountry "ESP"]
[Source "lmi"]
[SourceDate "2006.06.16"]

1. d4 d5 2. Nf3 Nf6 3. c4 c6 4. Nc3 dxc4 5. a4 Bf5 6. Ne5 Nbd7 7. Nxc4 Qc7 8.
g3 e5 9. dxe5 Nxe5 10. Bf4 Nfd7 11. Bg2 f6 12. h4 Be7 13. a5 a6 14. Nxe5 fxe5
15. Be3 O-O 16. O-O Bc5 17. Qb3+ Kh8 18. Bxc5 Nxc5 19. Qc4 Nd7 20. Rfd1 Nf6 21.
Qc5 Rad8 22. Nd5 Nxd5 23. Rxd5 Rfe8 24. Rad1 Rxd5 25. Rxd5 h6 26. f4 Bg4 27.
Rxe5 Rxe5 28. fxe5 Bxe2 29. Qf8+ Kh7 30. Qf5+ Kg8 31. Be4 Qxa5 32. Qc8+ Kf7 33.
Qxb7+ Ke6 34. Qc8+ Ke7 35. Qb7+ Ke6 36. Qxg7 Qe1+ 37. Kh2 Qf2+ 38. Bg2 c5 39.
Qxh6+ Kxe5 40. Qd2 c4 41. Qa5+ Kd4 42. Qb6+ 1-0